Loading...
| Science - Physics | 0 | 9 | 0 | 2 | 90 | 52 | 91.44 | 2 | 4 | 0.00 | 0.00 |
| Social Science | 0 | 4 | 0 | 0 | 40 | 62 | 92.00 | 1 | 2 | 0.00 | 0.00 |
| Science - Chemistry | 0 | 4 | 2 | 0 | 30 | 68 | 96.75 | 1 | 2 | 0.00 | 0.00 |
| Philosophy | 0 | 4 | 2 | 1 | 30 | 91 | 117.50 | 0 | 1 | 0.00 | 0.00 |
| Science - Other | 0 | 4 | 2 | 0 | 30 | 61 | 82.75 | 1 | 4 | 0.00 | 0.00 |
| Fine Arts - Painting and Sculpture | 0 | 3 | 1 | 2 | 25 | 92 | 125.67 | 0 | 1 | 0.00 | 0.00 |
| Fine Arts - Classical Music | 0 | 2 | 0 | 1 | 20 | 125 | 128.50 | 0 | 0 | 0.00 | 0.00 |
| Mythology | 0 | 2 | 2 | 0 | 10 | 51 | 89.00 | 0 | 0 | 0.00 | 0.00 |
| Science - Biology | 0 | 1 | 1 | 0 | 5 | 77 | 77.00 | 0 | 0 | 0.00 | 0.00 |
| History - American | 0 | 0 | 1 | 0 | -5 | 0.00 | 0 | 0 | 0.00 | 0.00 |